000 00292nam a22001337a 4500
008 170511b xxu||||| |||| 00| 0 eng d
020 _a9781599414249
041 _aeng
080 _a34
100 _a15
101 _aSHJ
245 _aWRITING ANALYSIS LAW
_cSHAPO.H.S
942 _2udc
_cBK
999 _c13105
_d13105